[Event "SUI-ch 111th"]
[Site "Leukerbad"]
[Date "2011.07.07"]
[Round "1"]
[White "Wirthensohn, Heinz"]
[Black "Li, Jingle"]
[Result "1/2-1/2"]
[WhiteElo "2398"]
[BlackElo "2048"]
[PlyCount "56"]
[EventDate "2011.07.07"]
[EventType "swiss"]
[EventRounds "9"]
[EventCountry "SUI"]
[SourceTitle "CBM 143 Extra"]
[Source "ChessBase"]
[SourceDate "2011.08.29"]
[SourceVersion "1"]
[SourceVersionDate "2011.08.29"]
[SourceQuality "1"]

1. d4 Nf6 2. Nf3 g6 3. Nc3 d5 4. Bf4 Bg7 5. e3 0-0 6. Be2 c5 7. 0-0 cxd4 8. exd4 Nc6 9. Ne5 Qb6 10. Nxc6 bxc6 11. Na4 Qa5 12. c3 Nd7 13. b4 Qd8 14. Re1 e5 15. dxe5 Nxe5 16. Qd2 Re8 17. Nc5 a5 18. b5 Bf5 19. bxc6 Qd6 20. Nb3 Qxc6 21. Nd4 Qc8 22. Nxf5 Qxf5 23. Bxe5 Rxe5 24. Bf3 Rae8 25. Rxe5 Qxe5 26. Rd1 Qxc3 27. Qxc3 Bxc3 28. Bxd5 Re1+ 1/2-1/2

[Event "Lenk op"]
[Site "Lenk"]
[Date "2011.04.23"]
[Round "3"]
[White "Li, Jingle"]
[Black "Gerber, Richard"]
[Result "0-1"]
[WhiteElo "2050"]
[BlackElo "2393"]
[PlyCount "72"]
[EventDate "2011.04.21"]
[EventType "swiss"]
[EventRounds "7"]
[EventCountry "SUI"]
[SourceTitle "CBM 142 Extra"]
[Source "ChessBase"]
[SourceDate "2011.06.27"]
[SourceVersion "1"]
[SourceVersionDate "2011.06.27"]
[SourceQuality "1"]

1. e4 c5 2. Nf3 d6 3. d4 cxd4 4. Nxd4 Nf6 5. Nc3 g6 6. Be3 Bg7 7. f3 a6 8. Qd2 Nbd7 9. 0-0-0 b5 10. Bh6 Bxh6 11. Qxh6 Bb7 12. Nb3 Qb6 13. Qd2 Rc8 14. Qd4 0-0 15. Be2 Rc7 16. Qxb6 Nxb6 17. Rd4 Rfc8 18. Rd2 Nfd7 19. Kb1 Ne5 20. Na5 Ba8 21. Rc1 Rc5 22. Nb3 Nec4 23. Bxc4 Nxc4 24. Rd3 Re5 25. Rcd1 Kg7 26. Nd5 e6 27. Nc3 b4 28. Na4 Bc6 29. Nc3 bxc3 30. Rxc3 Bb7 31. Rd4 d5 32. Nc1 Rh5 33. a3 e5 34. Rdd3 dxe4 35. Rd7 exf3 36. Rxb7 Nd2+ 0-1

[Event "Lenk op"]
[Site "Lenk"]
[Date "2011.04.22"]
[Round "2"]
[White "Li, Jingle"]
[Black "Krauseneck, Peter"]
[Result "1-0"]
[WhiteElo "2050"]
[BlackElo "2248"]
[PlyCount "127"]
[EventDate "2011.04.21"]
[EventType "swiss"]
[EventRounds "7"]
[EventCountry "SUI"]
[SourceTitle "CBM 142 Extra"]
[Source "ChessBase"]
[SourceDate "2011.06.27"]
[SourceVersion "1"]
[SourceVersionDate "2011.06.27"]
[SourceQuality "1"]

1. d4 e6 2. Bf4 d5 3. e3 c5 4. c3 Nc6 5. Nf3 Nf6 6. Nbd2 Bd6 7. Bg3 0-0 8. Bd3 Re8 9. Ne5 Qc7 10. f4 Ne7 11. Qf3 Nf5 12. Bf2 Bf8 13. g4 Nd6 14. g5 Nd7 15. Qh5 g6 16. Qg4 Bg7 17. h4 cxd4 18. exd4 Nf8 19. h5 Bd7 20. hxg6 fxg6 21. Qg2 Bb5 22. Bc2 Nf5 23. Bxf5 gxf5 24. g6 hxg6 25. Nxg6 Nxg6 26. Qxg6 Qxf4 27. 0-0-0 Re7 28. Rh4 Qxf2 29. Rdh1 Qxh4 30. Rxh4 Be2 31. Rh3 Rf8 32. Nf3 Bxf3 33. Rxf3 Rf6 34. Qg3 Kf7 35. Rf1 Rg6 36. Qh3 Bh6+ 37. Kc2 Kg7 38. Qh2 f4 39. Qe2 Rf7 40. Rf3 a6 41. Qe5+ Rgf6 42. Kb3 Kg6 43. c4 dxc4+ 44. Kxc4 Bg5 45. Kb3 Rd7 46. Rh3 Re7 47. d5 Rf5 48. Qc3 exd5 49. Qd3 Re3 50. Rxe3 fxe3 51. Kc3 Bf4 52. Qe2 Kg5 53. Kd3 Re5 54. Qg2+ Kh4 55. Ke2 d4 56. Kf3 Kh5 57. Qg4+ Kh6 58. Qxf4+ Rg5 59. Qxd4 Kg6 60. Kxe3 Rb5 61. a4 Rb3+ 62. Kf4 a5 63. Qd6+ Kg7 64. Qe7+ 1-0

[Event "SUI-ch U14"]
[Site "Winterthur"]
[Date "2007.10.08"]
[Round "7"]
[White "Seitz, Benjamin"]
[Black "Li, Jingle"]
[Result "0-1"]
[WhiteElo "1979"]
[BlackElo "1999"]
[PlyCount "76"]
[EventDate "2007.10.05"]
[EventType "swiss"]
[EventRounds "7"]
[EventCountry "SUI"]
[SourceTitle "EXT 2009"]
[Source "ChessBase"]
[SourceDate "2008.11.26"]
[SourceVersion "1"]
[SourceVersionDate "2008.11.26"]
[SourceQuality "1"]

1. Nf3 Nf6 2. d4 d5 3. e3 Bf5 4. c4 c6 5. Qb3 Qc7 6. Nc3 e6 7. cxd5 exd5 8. Bd2 Bd6 9. Rc1 Qb6 10. Nh4 Be6 11. Qc2 g6 12. Bd3 Nbd7 13. 0-0 Qd8 14. f4 Ne4 15. Nf3 Nxd2 16. Nxd2 Qf6 17. f5 gxf5 18. Bxf5 Qh6 19. Nf3 Qxe3+ 20. Kh1 0-0-0 21. Rce1 Qh6 22. Bxe6 fxe6 23. b4 Kb8 24. Na4 Rhe8 25. Nc5 Nb6 26. Qd2 Qxd2 27. Nxd2 e5 28. dxe5 Bxe5 29. Rf7 Bc3 30. Rxe8 Rxe8 31. Nf3 Bxb4 32. Nd3 Bd6 33. Rxh7 Re3 34. g4 Rxf3 35. g5 Rxd3 36. g6 Be5 37. h4 Rh3+ 38. Kg2 Rg3+ 0-1